000 00856nam a2200229 a 4500
001 000022187
005 20250701132841.0
008 100917s1968 ag r 000 0 spa d
040 _aDO-SdBNP
_bspa
_cBNPHU
082 _a338.91
_bE19c
245 0 0 _aEconomía del comercio y desarrollo /
_ccompilación James D. Theberge ; traducción Jorge Todesca , Aníbal C. Leal.
260 _aBuenos Aires, Argentina :
_bAmorrortu,
_c1968.
300 _a626 p. ;
_c23 cm.
500 _aIncluye bibliografía p. [619-623].
504 _aIncluye referencias bibliográficas y notas al pie de las páginas.
650 0 _a Relaciones económicas internacionales
_91067
650 0 _aDesarrollo económico
_985548
700 1 _aTheberge, James D.,
_ecomp.
_945904
700 1 _aTodesca, Jorge,
_etr.
_945905
700 1 _aLeal, Aníbal C.,
_etr.
_945906
049 _aBNGR
999 _c21685
_d21685